|
|
|
|
| LEADER |
00000nam0a2200000 4500 |
| 001 |
365050 |
| 005 |
20231102011740.0 |
| 035 |
|
|
|a (RuTPU)RU\TPU\retro\22413
|
| 090 |
|
|
|a 365050
|
| 100 |
|
|
|a 20211209d1981 m y0rusy50 ca
|
| 101 |
0 |
|
|a rus
|
| 102 |
|
|
|a RU
|
| 105 |
|
|
|a a z 001zy
|
| 200 |
1 |
|
|a Холодное выдавливание рельефных полостей технологической оснастки
|f А. И. Хыбемяги
|
| 210 |
|
|
|a Москва
|c Машиностроение
|d 1981
|
| 215 |
|
|
|a 80 с.
|c ил.
|
| 320 |
|
|
|a Библиогр.: с. 78
|
| 606 |
1 |
|
|a Выдавливание металлов холодное
|2 stltpush
|3 (RuTPU)RU\TPU\subj\38298
|9 58948
|
| 610 |
1 |
|
|a рельефные полости
|
| 610 |
1 |
|
|a оснастка
|
| 610 |
1 |
|
|a прогрессивные способы
|
| 610 |
1 |
|
|a качество
|
| 610 |
1 |
|
|a эффективность
|
| 675 |
|
|
|a 621.777.4
|v 4
|
| 700 |
|
1 |
|a Хыбемяги
|b А. И.
|g Алексей Иоханнесович
|
| 801 |
|
1 |
|a RU
|b 63413507
|c 20211209
|
| 801 |
|
2 |
|a RU
|b 63413507
|c 20211210
|g RCR
|
| 942 |
|
|
|c BK
|